O'Level Course Internet and web Design /Module:M3-R3 (Record no. 101)

MARC details
000 -LEADER
fixed length control field 00408nam a22001577a 4500
005 - DATE AND TIME OF LATEST TRANSACTION
control field 20180205144935.0
008 - FIXED-LENGTH DATA ELEMENTS--GENERAL INFORMATION
fixed length control field 160427b xxu||||| |||| 00| 0 eng d
020 ## - INTERNATIONAL STANDARD BOOK NUMBER
ISBN 81-7722-338-0
041 ## - LANGUAGE CODE
Language code of text/sound track or separate title eng
082 ## - DEWEY DECIMAL CLASSIFICATION NUMBER
Item number 00298
Classification number 004.678
100 ## - MAIN ENTRY--AUTHOR NAME
Personal name Gupta, Vikas
245 ## - TITLE STATEMENT
Title O'Level Course Internet and web Design /Module:M3-R3
260 ## - PUBLICATION, DISTRIBUTION, ETC. (IMPRINT)
Place of publication New Delhi
Name of publisher Dream Tech Press,
Year of publication 2003
300 ## - PHYSICAL DESCRIPTION
Number of Pages 376
942 ## - ADDED ENTRY ELEMENTS (KOHA)
Koha item type Books
Holdings
Lost status Damaged status Collection code Home library Current library Shelving location Date acquired Cost, normal purchase price Full call number Accession Number Koha item type Source of acquisition
    CS/IT JRU Library JRU Library SHELF-50-C 27/04/2016 149.00 004 00298 Books  
    CS/IT JRU Library JRU Library SHELF-57-F 27/04/2016 149.00 00299 00299 Books  
    CS/IT JRU Library JRU Library SHELF-49-E 27/04/2016 149.00 004 00300 Books PURCHASE
    CS/IT JRU Library JRU Library SHELF-50-C 27/04/2016 149.00 004 00301 Books